| 000 | 00000nam##2200000za#4500 |
| 001 | 9.568401 |
| 003 | CaOODSP |
| 005 | 20210624181243 |
| 007 | cr ||||||||||| |
| 008 | 150406|2001||||xxc|||||o f|0| 0 eng|d |
| 040 | |aCaOODSP|beng |
| 043 | |an-cn--- |
| 086 | 1 |aBT31-2/2002-III-35E-PDF |
| 110 | 1 |aCanada. |bTreasury Board. |
| 245 | 10|aPublic Service Staff Relations Board, 2001-2002 estimates, a report on plans and priorities |h[electronic resource] |
| 260 | |aOttawa - Ontario : |bTreasury Board of Canada Secretariat |cc2001. |
| 300 | |a25p.|borganization chart, tables, index |
| 490 | 1 |a2001-2002 estimates. Part III, Report on plans and priorities |v2001-2002 |
| 500 | |aThe catalogue number (BT31-2/2002-III-35) and ISBN (0-660-61472-3) for the bilingual print edition have been incorrectly copied in this electronic publication. |
| 590 | |a10-11-Supp|b2010-11-10 |
| 775 | 08|tCommission des relations de travail dans la fonction publique, budget des dépenses 2001-2002, un rapport sur les plans et les priorités |w(CaOODSP)9.599690 |
| 776 | 0#|tPublic Service Staff Relations Board |w(CaOODSP)9.534376 |
| 776 | 0#|tCommission des relations de travail dans la Fonction publique |w(CaOODSP)9.534377 |
| 830 | #0|a2001-2002 estimates. Part III, Report on plans and priorities ;|v2001-2002|w(CaOODSP)9.506174 |
| 856 | 40|ahttp://publications.gc.ca|qPDF|s116 KB|uhttps://publications.gc.ca/collections/Collection/BT31-2-2002-III-35E.pdf|y2001-2002 |